University Home | Library Home | Institutional Repository

Ground water hydrology and hydraulics. (Record no. 149865)

MARC details
000 -LEADER
fixed length control field 01153cam3a220031301 4500
001 - CONTROL NUMBER
control field zam00000962
008 - FIXED-LENGTH DATA ELEMENTS--GENERAL INFORMATION
fixed length control field 951128c19771984xx eng u
020 ## - INTERNATIONAL STANDARD BOOK NUMBER
International Standard Book Number 0918334187
035 ## - SYSTEM CONTROL NUMBER
System control number (Sirsi) r87891
035 ## - SYSTEM CONTROL NUMBER
System control number (MACHINE)00126
100 1# - MAIN ENTRY--PERSONAL NAME
Personal name McWhorter, David B.
Linkage A47395.1
245 10 - TITLE STATEMENT
Title Ground water hydrology and hydraulics.
260 ## - PUBLICATION, DISTRIBUTION, ETC.
Place of publication, distribution, etc. Highland Ranch :
Name of publisher, distributor, etc. Water Resources Publications,
Date of publication, distribution, etc. c1984, 1977.
504 ## - BIBLIOGRAPHY, ETC. NOTE
Bibliography, etc. note Includes bibliographical references.
591 ## -
-- School: S04.
591 ## -
-- School Dept: S04/02.
650 ## - SUBJECT ADDED ENTRY--TOPICAL TERM
Topical term or geographic name entry element Hydraulics.
Linkage S12797.1
650 ## - SUBJECT ADDED ENTRY--TOPICAL TERM
Topical term or geographic name entry element Hydrogeology.
Linkage S13116.1
650 ## - SUBJECT ADDED ENTRY--TOPICAL TERM
Topical term or geographic name entry element Water, Underground.
Linkage S36486.1
700 ## - ADDED ENTRY--PERSONAL NAME
Personal name David B. Mcwhorter and David K. Sunada.
Linkage A47396.1
700 ## - ADDED ENTRY--PERSONAL NAME
Personal name Sunada, David K.
Linkage A47397.1
949 ## - LOCAL PROCESSING INFORMATION (OCLC)
a GB/1197/.7
w lcc
i -122850
p 3500
t BOOK
l ON-SHELF
949 ## - LOCAL PROCESSING INFORMATION (OCLC)
a GB/1197/.7
w lcc
i -122851
p 3500
t BOOK
l ON-SHELF
949 ## - LOCAL PROCESSING INFORMATION (OCLC)
a GB/1197/.7
w lcc
i -122852
p 3500
t BOOK
l ON-SHELF
949 ## - LOCAL PROCESSING INFORMATION (OCLC)
a GB/1197/.7
w lcc
i -122853
p 3500
t BOOK
l ON-SHELF
949 ## - LOCAL PROCESSING INFORMATION (OCLC)
a GB/1197/.7
w lcc
i -122854
p 3500
t BOOK
l ON-SHELF
900 ## - EQUIVALENCE OR CROSS-REFERENCE-PERSONAL NAME [LOCAL, CANADA]
-- 1977
Field link and sequence number GB/1197/.7
-- MCW
Titles and other words associated with a name 5
Dates associated with a name 12/21/93
Date of a work FINNIDA
Name of part/section of a work 3500

No items available.

© 2026 - The University of Zambia Library - Koha v25.11